000 01600nam a2200421 i 4500
001 25561
003 KOSZ 005
005 20200410152705.0
008 001010s1971 pl f |000 0 pol d
040 _cKOSZ 005
_aKOSZ 005
_dKOSZ 005/HR
041 _apol
046 _k1971
080 _a628.39
080 _a502.51:504.5
080 _a351(1-21)
100 1 _aGlinicki, Zdzisław.
_eAutor
245 0 _aStraty ponoszone przez gospodarkę komunalną w wyniku zanieczyszczenia wód powierzchniowych /
_cZdzisław Glinicki, Maria Niewiadomska, Wojciech Wyderko.
260 _aWarszawa :
_bInstytut Gospodarki Wodnej,
_c1971.
300 _a10, [4] stron :
_bil. ;
_c24 cm.
336 _2rdacontent
_aTekst
_btxt
337 _2rdamedia
_aBez urządzenia pośredniczącego
_bn
338 _2rdacarrier
_aWolumin
_bnc
380 _aKsiążki
380 _aPublikacje naukowe
388 _a1901-2000
388 _a1945-1989
490 1 _aMateriały Badawcze / Instytut Gospodarki Wodnej. Gospodarowanie Zasobami Wodnymi ;
_vNr 3
504 _aBibliografia.
546 _aStreszcz. w jęz. ang. i ros.
658 _aOchrona środowiska
658 _aGospodarka, ekonomia, finanse
700 1 _aWyderko, Wojciech.
_eAutor
700 1 _aNiewiadomska, Maria
_eAutor
830 0 _aMateriały Badawcze - Instytut Gospodarki Wodnej ;
_vnr 3
830 0 _aGospodarowanie Zasobami Wodnymi - Instytut Gospodarki Wodnej ;
_vnr 1
856 _uhttp://koha.tu.koszalin.pl/cgi-bin/koha/opac-detail.pl?biblionumber=25561
_yKatalog online BPK
942 _cKS
_2UKD
999 _c25561
_d25561